| 000 | 00922nam a2200265 c 4500 | ||
|---|---|---|---|
| 001 | a5491047 | ||
| 003 | CO-ViMGA | ||
| 005 | 20230915234534.0 | ||
| 008 | 140428s2013 sp a | |||| 000 1 spa | ||
| 020 | _a9788490245774 | ||
| 040 |
_aCO-ViMGA _bspa _cCO-ViMGA |
||
| 041 | 1 | _heng | |
| 082 | 0 | 4 |
_a741.5 _bF71u |
| 100 | 1 |
_aFraction, Matt _d1975- _4aut _98865 |
|
| 245 | 1 | 0 |
_aUtopía / _c[guión], Fraction ; [dibujos], Silvestri, Dodson |
| 260 |
_aTorroella de Montgrí, Girona _bPanini España ; _aSanta Perpetua de Mogoda [Barcelona] _bdistribución, SD Distribuciones _cD.L. 2013 |
||
| 300 |
_a[192] p. _bprincipalmente il. col. _c27 cm. |
||
| 490 | 0 | _aMarvel deluxe | |
| 490 | 0 | _aPatrulla-X vs. Vengadores oscuros | |
| 650 | 1 | 4 |
_aComics _9284 |
| 650 | 1 | 4 |
_aTiras comicas, historietas, etc. _92479 |
| 700 | 1 |
_aDodson, Terry _edibujante _4art _98877 |
|
| 700 | 1 |
_aSilvestri, Marc _edibujante _4art _98876 |
|
| 942 |
_2ddc _cBK |
||
| 999 |
_c37836 _d37836 |
||